El espionaje transnacional /
Guardado en:
| Hovedforfatter: | |
|---|---|
| Andre forfattere: | |
| Format: | Texto |
| Udgivet: |
México D.F.:
Proyecto Lázaro Cárdenas
|
| Udgivelse: | 1 |
| Tags: |
Tilføj Tag
Ingen Tags, Vær først til at tagge denne postø!
|
MARC
| LEADER | 00000 a a2200000 04500 | ||
|---|---|---|---|
| 001 | 24862 | ||
| 003 | |||
| 040 | |a CRAI/IIS |c CRAI/IIS | ||
| 090 | |a 177900 | ||
| 100 | |a Villas, C.L. | ||
| 245 | |a El espionaje transnacional / |c C.L. Villas | ||
| 250 | |a 1 | ||
| 260 | |a México D.F.: |b Proyecto Lázaro Cárdenas | ||
| 300 | |a 6 p. | ||
| 700 | |a Kelly, John | ||
| 999 | |c 17442 |d 17442 | ||
